| 000 | 00586nam a22001817a 4500 | ||
|---|---|---|---|
| 999 |
_c163173 _d163173 |
||
| 005 | 20190403114038.0 | ||
| 010 | _aENG-124963 | ||
| 020 |
_a9789382711872 _c250.00 |
||
| 035 | _aEN-108495 | ||
| 037 | _bDBAD/PUB | ||
| 082 | _a954.035092 | ||
| 100 | _aWarrier,Sobha | ||
| 245 |
_aHis days with Bapu: _cby Shobha Warrier. _bGandhiji's Personal Secretary/ |
||
| 260 |
_aNew Delhi _bVitasta Publishing Pvt.Ltd. _c2015 |
||
| 270 |
_a2/15,Ansari Road,Daryaganj _bNew Delhi _e110002 _k0452-4208765 _minfo@vitastapublishing.com |
||
| 300 |
_a136p. _c20cm(pbk) _bill. |
||
| 942 |
_2ddc _cEN _hN _mWAR |
||